000
00299nam a22001337a 4500
008
181012b xxu||||| |||| 00| 0 eng d
020
_a
9780323002042
041
_a
eng
080
_2
16th
_a
611
100
_a
6
101
_a
ANA
245
_a
Anatomy & Physiology
_c
Thibodeau, G.A
942
_2
udc
_c
BK
999
_c
49560
_d
49560